000 00853nam a22001937a 4500
999 _c56925
_d56925
003 Ge_BSU
005 20190624152150.0
008 190624b1967 ||||| |||| 00| 0 geo d
041 _ageo
080 _a621.311.21(075.8) შ-48
100 _aშენგელია, პ.
_92824
245 _aჰიდროელექტრული სადგურები .ნაწ. პირველი : სახელმძღვ. /
_cპ. შენგელია ; რედ : ზ. ჯიბლაძე.
264 _aთბილისი :
_bგანათლება,
_c1967.
300 _a272 გვ.:
_bილ;
_c22 სმ.
653 _aჰიდროელექტრული სადგურები
653 _aტექნიკა
700 _aჯიბლაძე, ზ
_eრედაქტორი
_92825
942 _2udc
_cBK